00325nam a2200133Ia 45000030006000000080041000060400015000471000023000622450022000852600047001073000006001545460014001600050017001740STCL150530s9999 xx 000 0 und d aSTCLcSTCL aCalicut University aKavitha Samaharam bCalicut university; Calicutc1995aCalicut a0 aMalayalam20220125170715.0